Jaspol - značka Vašich krokov

Marketingová stratégia slovenského výrobcu obuvi - Jaspol shoes, a.s. Prievidza. Reklamné ciele a nová kreatívna stratégia. Mediálna stratégia. Vyhodnotenie kampane.

Gespeichert in:
Bibliographische Detailangaben
1. Verfasser: Marková, Katarína
Format: Buch
Sprache:Slowakisch
Schlagworte:
Tags: Tag hinzufügen
Keine Tags, Fügen Sie das erste Tag hinzu!

MARC

LEADER 00000nam a2200000 4500
001 r030135
005 20230922094641.8
041 0 |a slo 
044 |a SK 
245 1 0 |a Jaspol - značka Vašich krokov  |c Katarína Marková 
520 |a Marketingová stratégia slovenského výrobcu obuvi - Jaspol shoes, a.s. Prievidza. Reklamné ciele a nová kreatívna stratégia. Mediálna stratégia. Vyhodnotenie kampane. 
610 2 0 |a reklama 
610 2 0 |a propagácia 
610 2 0 |a marketing 
610 2 0 |a stratégia marketingová 
610 2 0 |a investície 
610 2 0 |a obuv 
610 2 0 |a január-november 
610 2 0 |a 1997 
610 2 0 |a Slovensko 
610 2 0 |a Jaspol shoes, a.s. Prievidza 
100 1 |a Marková, Katarína